Central Library OPAC University of Rajshahi

পৃষ্ঠতল রসায়ন পরিচয় = (An introduction to Surface Chemistry) / (Record no. 238)

MARC details
000 -LEADER
fixed length control field 00934nam a22002417a 4500
001 - CONTROL NUMBER
control field 238
003 - CONTROL NUMBER IDENTIFIER
rucl marc code BD-RjUL
005 - DATE AND TIME OF LATEST TRANSACTION
control field 20211208233134.0
008 - FIXED-LENGTH DATA ELEMENTS--GENERAL INFORMATION
fixed length control field 140805s2000 bg am|| ak||| 001 0 ben d
020 ## - INTERNATIONAL STANDARD BOOK NUMBER
International Standard Book Number 9840740180
035 ## - SYSTEM CONTROL NUMBER
System control number (BD-RjUL)252
040 ## - CATALOGING SOURCE
Original cataloging agency BD-RjUL
Language of cataloging ben
Transcribing agency BD-RjUL
Modifying agency BD-RjUL
041 ## - LANGUAGE CODE
Language code of text/sound track or separate title ben
082 04 - DEWEY DECIMAL CLASSIFICATION NUMBER
Edition number 21
Classification number 541.33
Author mark and year PAP 2000
100 1# - MAIN ENTRY--PERSONAL NAME
Personal name পাল , সুভাষ চন্দ্র
9 (RLIN) 720
245 0# - TITLE STATEMENT
Title পৃষ্ঠতল রসায়ন পরিচয় = (An introduction to Surface Chemistry) /
Statement of responsibility, etc. সুভাষ চন্দ্র পাল
260 ## - PUBLICATION, DISTRIBUTION, ETC. (IMPRINT)
Place of publication, distribution, etc. ঢাকা :
Name of publisher, distributor, etc. বাংলা একাডেমী ,
Date of publication, distribution, etc. ২০০০
300 ## - PHYSICAL DESCRIPTION
Pagination [৮], ২১৪ পৃ. :
Illustrations চিত্র ;
Size ২৩ সেমি.
504 ## - BIBLIOGRAPHY, ETC. NOTE
Bibliography, etc গ্রন্থপঞ্জি সংযুক্ত
650 #7 - SUBJECT ADDED ENTRY--TOPICAL TERM
Topical term or geographic name as entry element পৃষ্ঠতল রসায়ন
9 (RLIN) 721
Topical term or geographic name as entry element Surface Chemistry
9 (RLIN) 111692
942 ## - ADDED ENTRY ELEMENTS (KOHA)
Source of classification or shelving scheme Dewey Decimal Classification
Koha item type Books
Holdings
Lost status Source of classification or shelving scheme Damaged status Not for loan Collection code Permanent Location Current Location Shelving location Date acquired Source of acquisition Cost, normal purchase price Total Checkouts Full call number Date last seen Copy number Koha item type
  Dewey Decimal Classification     Non-fiction Central Library, University of Rajshahi Central Library, University of Rajshahi   16/09/2000 chemistry dept.,R.U. 95.00   B 541.33 PAP 2000 13/11/2013 C-3 Books
  Dewey Decimal Classification     Non-fiction Central Library, University of Rajshahi Central Library, University of Rajshahi   16/09/2000 chemistry dept.,R.U. 95.00   B 541.33 PAP 2000 08/08/2016 C-2 Books
  Dewey Decimal Classification     Non-fiction Central Library, University of Rajshahi Central Library, University of Rajshahi   16/09/2000 Author 95.00   B 541.33 PAP 2000 08/08/2016 C-4 Books
  Dewey Decimal Classification     Non-fiction Central Library, University of Rajshahi Central Library, University of Rajshahi   23/08/2005 Author 95.00   B 541.33 PAP 2000 08/08/2016 C-5 Books
  Dewey Decimal Classification     Non-fiction Central Library, University of Rajshahi Central Library, University of Rajshahi   23/08/2005 Author 95.00   B 541.33 PAP 2000 08/08/2016 C-6 Books
  Dewey Decimal Classification     Non-fiction Central Library, University of Rajshahi Central Library, University of Rajshahi   23/08/2005 Author 95.00   B 541.33 PAP 2000 08/08/2016 C-7 Books
  Dewey Decimal Classification     Non-fiction Central Library, University of Rajshahi Central Library, University of Rajshahi   23/08/2005 Author 95.00   B 541.33 PAP 2000 08/08/2016 C-8 Books
  Dewey Decimal Classification     Non-fiction Central Library, University of Rajshahi Central Library, University of Rajshahi   16/09/2000 chemistry dept.,R.U. 95.00   B 541.33 PAP 2000 08/08/2016 C-9 Books
  Dewey Decimal Classification     Non-fiction Central Library, University of Rajshahi Central Library, University of Rajshahi   16/09/2000 chemistry dept.,R.U. 95.00   B 541.33 PAP 2000 08/08/2016 C-10 Books
  Dewey Decimal Classification   Not For Loan Non-fiction Central Library, University of Rajshahi Central Library, University of Rajshahi Reading Room 16/09/2000 chemistry dept.,R.U. 95.00   B 541.33 PAP 2000 08/08/2016 C-1 Books